[Event "Kostroma Volga Cup op"]
[Site "Kostroma"]
[Date "2009.07.??"]
[Round "7"]
[White "Lyanguzov, Oleg"]
[Black "Aleshin, Oleg"]
[Result "1/2-1/2"]
[WhiteElo "2326"]
[BlackElo "2385"]
[PlyCount "26"]
[EventDate "2009.07.03"]
[EventType "swiss"]
[EventRounds "9"]
[EventCountry "RUS"]
[SourceTitle "EXT 2021"]
[Source "ChessBase"]
[SourceDate "2020.10.23"]
[SourceVersion "1"]
[SourceVersionDate "2020.10.23"]
[SourceQuality "1"]

1. c4 Nf6 2. Nf3 c5 3. g3 b6 4. Bg2 Bb7 5. 0-0 e6 6. b3 Be7 7. Bb2 0-0 8. e3 d5 9. Qe2 dxc4 10. bxc4 Nc6 11. d3 Qc7 12. Nc3 Rfd8 13. Ne1 Rac8 1/2-1/2

[Event "Kostroma Volga Cup op"]
[Site "Kostroma"]
[Date "2009.07.??"]
[Round "5"]
[White "Tkachuk, Andrey"]
[Black "Aleshin, Oleg"]
[Result "0-1"]
[WhiteElo "2148"]
[BlackElo "2385"]
[PlyCount "171"]
[EventDate "2009.07.03"]
[EventType "swiss"]
[EventRounds "9"]
[EventCountry "RUS"]
[SourceTitle "EXT 2021"]
[Source "ChessBase"]
[SourceDate "2020.10.23"]
[SourceVersion "1"]
[SourceVersionDate "2020.10.23"]
[SourceQuality "1"]

1. c4 Nf6 2. Nf3 g6 3. b4 Bg7 4. Bb2 c6 5. e3 0-0 6. Be2 d5 7. 0-0 dxc4 8. Bxc4 Nbd7 9. a4 Nb6 10. Be2 a6 11. Na3 Be6 12. b5 cxb5 13. axb5 a5 14. Rc1 Qd6 15. Nc4 Bxc4 16. Bxc4 Nxc4 17. Rxc4 Rfd8 18. Qa4 Nd5 19. Bxg7 Kxg7 20. Qa1+ Kg8 21. Qd4 Qe6 22. Qh4 f6 23. Rfc1 Kg7 24. Nd4 Qf7 25. Qe4 e5 26. Nb3 Rd7 27. d4 Nb6 28. R4c3 Re8 29. Qc2 Nd5 30. Rc4 Nb4 31. Qb1 b6 32. h3 Qd5 33. dxe5 fxe5 34. Rc7 Ree7 35. Rxd7 Rxd7 36. Rc8 Qxb5 37. Qe4 Qd5 38. Qg4 Qd1+ 39. Qxd1 Rxd1+ 40. Kh2 a4 41. Rc4 Nd3 42. Rxa4 Nxf2 43. Kg3 Nd3 44. Ra7+ Kh6 45. Rd7 Nb2 46. Rxd1 Nxd1 47. Kf3 Nc3 48. e4 Kg5 49. g3 Kf6 50. Ke3 Nb5 51. Kd3 Ke6 52. Kc4 Nd6+ 53. Kd3 Kd7 54. Nd2 Kc6 55. Nf3 Nf7 56. Kc4 b5+ 57. Kb4 Kb6 58. g4 Nd8 59. Kc3 Nc6 60. Ng5 h5 61. gxh5 gxh5 62. Ne6 Ne7 63. Ng7 h4 64. Ne6 Ng6 65. Ng5 Kc5 66. Nf3 b4+ 67. Kb3 Kb5 68. Ne1 Nf4 69. Nf3 Nxh3 70. Nxh4 Ng5 71. Ng6 Nf3 72. Nf8 Nd4+ 73. Kb2 Kc4 74. Nd7 Nc6 75. Kc2 Kd4 76. Nf6 Na5 77. Kb2 b3 78. Ka3 Ke3 79. Kb2 Kd3 80. Ng4 Kxe4 81. Kc3 Kf4 82. Nf2 e4 83. Nd1 Kf3 84. Kd4 e3 85. Nb2 e2 86. Nd3 0-1

[Event "Central FO-ch"]
[Site "Gagarin"]
[Date "2009.05.06"]
[Round "8"]
[White "Kornev, Alexei"]
[Black "Aleshin, Oleg"]
[Result "1-0"]
[WhiteElo "2527"]
[BlackElo "2384"]
[PlyCount "177"]
[EventDate "2009.05.01"]
[EventType "swiss"]
[EventRounds "9"]
[EventCountry "RUS"]
[SourceTitle "CBM 130 Extra"]
[Source "ChessBase"]
[SourceDate "2009.07.02"]
[SourceVersion "2"]
[SourceVersionDate "2009.07.15"]
[SourceQuality "1"]

1. d4 d5 2. c4 c6 3. Nc3 Nf6 4. e3 a6 5. Nf3 Bf5 6. Bd2 e6 7. Nh4 Bg6 8. Nxg6 hxg6 9. Rc1 Nbd7 10. Bd3 Bd6 11. c5 Bc7 12. f4 Nh5 13. Qf3 f5 14. Kd1 Nhf6 15. Qg3 Rh6 16. a3 Ne4 17. Nxe4 dxe4 18. Bc4 Qe7 19. Kc2 Nf6 20. Kb1 Nd5 21. h4 Kf7 22. Qf2 Rah8 23. g3 Ra8 24. Ka1 Rah8 25. Rhg1 Bd8 26. Qe2 Qd7 27. Ka2 Be7 28. b4 Ra8 29. Qd1 Bf6 30. Qb3 Nc7 31. a4 Rhh8 32. Kb1 Nd5 33. Rg2 Rh6 34. Be1 Rhh8 35. Ra2 Be7 36. Rcc2 Bf6 37. b5 axb5 38. axb5 Rhb8 39. Rcb2 Rc8 40. Bd2 Be7 41. b6 Rxa2 42. Rxa2 Rb8 43. Ra7 Qc8 44. Qa2 Qh8 45. Be2 Nf6 46. Kc2 Nd5 47. Kd1 Nf6 48. Qb3 Nd5 49. Be1 Nf6 50. Bf2 Nd5 51. Ke1 Qd8 52. Kf1 Qh8 53. Kg2 Nf6 54. Kh3 Qh7 55. Kg2 Qh8 56. Qd1 Nd5 57. Qe1 Nf6 58. Qh1 Nd5 59. Qc1 Nf6 60. Kf1 Nd5 61. Ke1 Nf6 62. Kd2 Nd5 63. Qh1 Nf6 64. Qc1 Nd5 65. Ke1 Nf6 66. Kf1 Qd8 67. Qd1 Nd5 68. Qc1 Nf6 69. Kg2 Qh8 70. Kh3 Qh7 71. Qa1 Qh8 72. Kg2 Qd8 73. Qh1 Qh8 74. Qh3 Qd8 75. g4 Ra8 76. g5 Rxa7 77. gxf6 Ra2 78. fxe7 Qxe7 79. Kf1 Qd8 80. h5 g5 81. fxg5 Qxg5 82. Qg3 Qxg3 83. Bxg3 Ra1+ 84. Kf2 Ra2 85. Be5 Kf8 86. Ke1 Ra1+ 87. Bd1 Ra2 88. Bb3 Ra3 89. Bxe6 1-0

[Event "Central FO-ch"]
[Site "Gagarin"]
[Date "2009.05.05"]
[Round "7"]
[White "Kharlamov, Anton"]
[Black "Aleshin, Oleg"]
[Result "0-1"]
[WhiteElo "2118"]
[BlackElo "2384"]
[PlyCount "136"]
[EventDate "2009.05.01"]
[EventType "swiss"]
[EventRounds "9"]
[EventCountry "RUS"]
[SourceTitle "CBM 130 Extra"]
[Source "ChessBase"]
[SourceDate "2009.07.02"]
[SourceVersion "2"]
[SourceVersionDate "2009.07.15"]
[SourceQuality "1"]

1. d4 Nf6 2. Nf3 e6 3. Bg5 h6 4. Bh4 b6 5. Nbd2 c5 6. e3 Bb7 7. Bd3 Be7 8. 0-0 cxd4 9. exd4 Nc6 10. c3 0-0 11. Re1 Nd5 12. Bg3 d6 13. h3 Re8 14. Qe2 Bf8 15. Rad1 Rc8 16. a3 Nf6 17. Ne4 Nxe4 18. Qxe4 g6 19. Bh4 Qc7 20. Qg4 Bg7 21. Bg3 Ne7 22. Nd2 Nd5 23. Nc4 Rcd8 24. Qe2 Nf6 25. Nd2 Qc6 26. Nf3 Rf8 27. Bb5 Qc7 28. Bd3 Bd5 29. Nd2 Qb7 30. Ne4 Nxe4 31. Bxe4 Bxe4 32. Qxe4 Qxe4 33. Rxe4 d5 34. Re2 b5 35. Bc7 Rd7 36. Ba5 Rc8 37. Bb4 Bf8 38. Bxf8 Kxf8 39. Re3 a5 40. Kf1 h5 41. h4 Rb7 42. Ke2 Rcc7 43. Rd2 b4 44. axb4 axb4 45. Kd3 bxc3 46. bxc3 Rb1 47. Rc2 Rd1+ 48. Rd2 Rf1 49. g3 Ke7 50. Rde2 Kf6 51. Re5 Ra7 52. Rc2 Ra3 53. Ke2 Raa1 54. Kf3 Rad1 55. Re3 Ke7 56. Kf4 Kf6 57. Kf3 Rg1 58. Kf4 Ra1 59. Kf3 Ra4 60. Kf4 Rd1 61. Kf3 Rc4 62. Ree2 Rd3+ 63. Re3 Rdxd4 64. cxd4 Rxc2 65. Rd3 Rc1 66. Kf4 Rc4 67. Ke3 Kf5 68. f3 Rc2 0-1

[Event "Central FO-ch"]
[Site "Gagarin"]
[Date "2009.05.02"]
[Round "2"]
[White "Vyaznikov, Sergey O"]
[Black "Aleshin, Oleg"]
[Result "1/2-1/2"]
[WhiteElo "2272"]
[BlackElo "2384"]
[PlyCount "120"]
[EventDate "2009.05.01"]
[EventType "swiss"]
[EventRounds "9"]
[EventCountry "RUS"]
[SourceTitle "CBM 130 Extra"]
[Source "ChessBase"]
[SourceDate "2009.07.02"]
[SourceVersion "2"]
[SourceVersionDate "2009.07.15"]
[SourceQuality "1"]

1. Nf3 Nf6 2. c4 e6 3. Nc3 Bb4 4. Qc2 0-0 5. a3 Bxc3 6. Qxc3 b6 7. b3 Bb7 8. Bb2 d6 9. g3 Nbd7 10. Bg2 e5 11. 0-0 Re8 12. d3 Nc5 13. e4 Ne6 14. Qd2 a5 15. Nh4 Nd7 16. Rae1 Ndc5 17. Qd1 g6 18. b4 axb4 19. axb4 Ra2 20. Ba1 Rxa1 21. Qxa1 Nxd3 22. Rb1 Ndf4 23. f3 Nd4 24. Qb2 Nxg2 25. Nxg2 f5 26. Rbe1 Rf8 27. Nf4 fxe4 28. fxe4 g5 29. Nd5 Nf3+ 30. Rxf3 Rxf3 31. Rf1 Rxf1+ 32. Kxf1 Qf8+ 33. Kg2 Kg7 34. Qe2 Qf7 35. Qg4 h6 36. h4 b5 37. hxg5 h5 38. Qe2 bxc4 39. Nf6 c3 40. Nxh5+ Kg6 41. g4 Kxg5 42. Kg3 Kg6 43. Qd3 Qb3 44. Qf3 Qf7 45. Qd3 Ba8 46. b5 Qd7 47. Qf3 Qf7 48. Qd3 Kh7 49. b6 cxb6 50. Qxd6 c2 51. Nf6+ Kg7 52. Nh5+ Kh7 53. Nf6+ Kh8 54. Qd8+ Kg7 55. Nh5+ Kh7 56. Qg5 c1Q 57. Qxc1 Bxe4 58. Qe3 Bg6 59. Qxe5 Bxh5 60. Qxh5+ Qxh5 1/2-1/2

[Event "Kostroma Volga Cup op"]
[Site "Kostroma"]
[Date "2008.07.??"]
[Round "1"]
[White "Zizlova, Sofia"]
[Black "Aleshin, Oleg"]
[Result "0-1"]
[WhiteElo "2012"]
[BlackElo "2374"]
[PlyCount "92"]
[EventDate "2008.07.??"]
[EventType "swiss"]
[EventRounds "9"]
[EventCountry "RUS"]
[SourceTitle "EXT 2009"]
[Source "ChessBase"]
[SourceDate "2008.11.26"]
[SourceVersion "1"]
[SourceVersionDate "2008.11.26"]
[SourceQuality "1"]

1. d4 Nf6 2. c4 g6 3. Nc3 d5 4. Bf4 Bg7 5. e3 0-0 6. Rc1 c5 7. dxc5 Qa5 8. cxd5 Rd8 9. Bc4 Qxc5 10. Qb3 Na6 11. Nge2 Qa5 12. 0-0 Nc5 13. Qb5 Qxb5 14. Nxb5 a6 15. Nbd4 Nxd5 16. Bg3 Ne4 17. Rfd1 Nxg3 18. Nxg3 Bg4 19. Nge2 Nb6 20. f3 Nxc4 21. Rxc4 Bf5 22. Rcc1 Bd7 23. Nc3 Be8 24. Nde2 Rac8 25. Kf2 Kf8 26. g4 Rxd1 27. Rxd1 b5 28. a3 a5 29. Nd4 b4 30. axb4 axb4 31. Ne4 e5 32. Ne2 Ke7 33. Rd2 f6 34. h4 Rc6 35. N2g3 Bd7 36. h5 f5 37. gxf5 gxf5 38. Ng5 h6 39. Nf7 Bc8 40. Nd8 Rc7 41. e4 fxe4 42. Nxe4 Bd7 43. Rxd7+ Kxd7 44. Nf7 Rc2+ 45. Ke3 Ke7 46. Nfd6 Ke6 0-1

[Event "Moscow op-A 04th"]
[Site "Moscow"]
[Date "2008.02.07"]
[Round "6"]
[White "Kozlov, Gennady"]
[Black "Aleshin, Oleg"]
[Result "1-0"]
[WhiteElo "2224"]
[BlackElo "2398"]
[PlyCount "71"]
[EventDate "2008.02.02"]
[EventType "swiss"]
[EventRounds "9"]
[EventCountry "RUS"]
[SourceTitle "CBM 122 Extra"]
[Source "ChessBase"]
[SourceDate "2008.03.04"]
[SourceVersion "1"]
[SourceVersionDate "2008.03.04"]
[SourceQuality "1"]

1. d4 Nf6 2. c4 e6 3. Nf3 b6 4. g3 Bb7 5. Bg2 Be7 6. 0-0 0-0 7. Nc3 Na6 8. Ne1 Bxg2 9. Nxg2 d5 10. cxd5 exd5 11. Bg5 c6 12. Qa4 Qc8 13. Rac1 Qb7 14. Rfd1 Nc7 15. e4 dxe4 16. Bxf6 gxf6 17. Nxe4 f5 18. Qxc6 Qxc6 19. Rxc6 fxe4 20. Rxc7 Bf6 21. b3 Rfd8 22. d5 Kf8 23. Ne3 b5 24. d6 Be5 25. Rc6 Rd7 26. Rd5 Re8 27. Ng4 Bb2 28. Rc7 Red8 29. Rxb5 Rxd6 30. Rbb7 Bd4 31. Rxf7+ Kg8 32. Rxh7 Rc8 33. Nh6+ Kf8 34. Nf5 Bxf2+ 35. Kxf2 Rc2+ 36. Ke3 1-0

[Event "Moscow op-A 04th"]
[Site "Moscow"]
[Date "2008.02.04"]
[Round "3"]
[White "Aleshin, Oleg"]
[Black "Inants, Aghasi"]
[Result "1-0"]
[WhiteElo "2398"]
[BlackElo "2241"]
[PlyCount "77"]
[EventDate "2008.02.02"]
[EventType "swiss"]
[EventRounds "9"]
[EventCountry "RUS"]
[SourceTitle "CBM 122 Extra"]
[Source "ChessBase"]
[SourceDate "2008.03.04"]
[SourceVersion "1"]
[SourceVersionDate "2008.03.04"]
[SourceQuality "1"]

1. d4 Nf6 2. Nf3 e6 3. c4 b6 4. Nc3 Bb7 5. a3 d5 6. cxd5 exd5 7. Bf4 Bd6 8. Bxd6 Qxd6 9. Rc1 a6 10. g3 0-0 11. Bg2 Nbd7 12. 0-0 c5 13. dxc5 bxc5 14. Nh4 Nb6 15. e4 d4 16. e5 Qxe5 17. Bxb7 dxc3 18. Bxa8 cxb2 19. Rb1 c4 20. Re1 Qc5 21. Rxb2 Rxa8 22. Qf3 Nbd5 23. Nf5 c3 24. Rc2 Rb8 25. Rd1 Re8 26. Kg2 g6 27. Nh6+ Kg7 28. Ng4 Ne4 29. Rd3 Qb5 30. Ne3 Nb6 31. Qd1 Na4 32. Rd8 Nd2 33. Rxe8 Qc6+ 34. f3 Qxe8 35. Qe2 Qe5 36. Qd3 Nb1 37. Nc4 Qb5 38. Qd4+ Kf8 39. Qh8+ 1-0

[Event "Riazan op"]
[Site "Riazan"]
[Date "2007.08.??"]
[Round "?"]
[White "Cherenkova, Kristina"]
[Black "Aleshin, Oleg"]
[Result "1/2-1/2"]
[WhiteElo "2254"]
[BlackElo "2404"]
[PlyCount "61"]
[EventDate "2007.08.??"]
[EventType "swiss"]
[EventRounds "9"]
[EventCountry "RUS"]
[SourceTitle "EXT 2009"]
[Source "ChessBase"]
[SourceDate "2008.11.26"]
[SourceVersion "1"]
[SourceVersionDate "2008.11.26"]
[SourceQuality "1"]

1. e4 c6 2. d4 d5 3. exd5 cxd5 4. c4 Nf6 5. Nc3 e6 6. Nf3 Bb4 7. cxd5 Nxd5 8. Bd2 Nc6 9. Bd3 Be7 10. 0-0 0-0 11. a3 Nf6 12. Be3 b6 13. Rc1 Bb7 14. Bb1 Rc8 15. Qd2 Na5 16. Qe2 a6 17. Ne5 b5 18. Ba2 Qd6 19. f3 Nc6 20. Nxc6 Bxc6 21. Rfd1 Rfd8 22. Bb1 Qb8 23. Ne4 Bd5 24. Rxc8 Rxc8 25. Rc1 Rxc1+ 26. Bxc1 Qc7 27. Qc2 Qxc2 28. Bxc2 b4 29. axb4 Bxb4 30. Nxf6+ gxf6 31. Kf2 1/2-1/2

[Event "RUS Central Region-ch"]
[Site "Tula "]
[Date "2007.03.24"]
[Round "8"]
[White "Kosov, Ivan"]
[Black "Aleshin, Oleg"]
[Result "1/2-1/2"]
[WhiteElo "2354"]
[BlackElo "2402"]
[PlyCount "66"]
[EventDate "2007.03.17"]
[EventType "swiss"]
[EventRounds "9"]
[EventCountry "RUS"]
[SourceTitle "EXT 2008"]
[Source "ChessBase"]
[SourceDate "2007.11.25"]
[SourceVersion "1"]
[SourceVersionDate "2007.11.25"]
[SourceQuality "1"]

1. e4 c6 2. d4 d5 3. exd5 cxd5 4. c4 Nf6 5. Nc3 e6 6. Nf3 Bb4 7. a3 Bxc3+ 8. bxc3 0-0 9. Bd3 dxc4 10. Bxc4 b6 11. 0-0 Bb7 12. Bd3 Nbd7 13. Qe2 Qc7 14. Bd2 Rfd8 15. Rfe1 Nf8 16. Ne5 Ng6 17. Qe3 Nxe5 18. Qxe5 Qxe5 19. Rxe5 Rac8 20. a4 Bd5 21. a5 Bc4 22. Bxc4 Rxc4 23. axb6 axb6 24. Rb5 Nd5 25. Ra3 f6 26. Kf1 e5 27. dxe5 fxe5 28. Ke2 Rd7 29. Rbb3 Kf7 30. Be3 Rc6 31. c4 Rxc4 32. Bxb6 e4 33. g3 Rc2+ 1/2-1/2

[Event "RUS Central Region-ch"]
[Site "Tula "]
[Date "2007.03.22"]
[Round "6"]
[White "Bazarov, Konstantin"]
[Black "Aleshin, Oleg"]
[Result "0-1"]
[WhiteElo "2232"]
[BlackElo "2402"]
[PlyCount "72"]
[EventDate "2007.03.17"]
[EventType "swiss"]
[EventRounds "9"]
[EventCountry "RUS"]
[SourceTitle "EXT 2008"]
[Source "ChessBase"]
[SourceDate "2007.11.25"]
[SourceVersion "1"]
[SourceVersionDate "2007.11.25"]
[SourceQuality "1"]

1. d4 d5 2. c4 dxc4 3. Nf3 Nf6 4. e3 e6 5. Bxc4 a6 6. 0-0 c5 7. Qe2 Nc6 8. Bb3 cxd4 9. Rd1 Be7 10. exd4 0-0 11. Nc3 Nb4 12. Bf4 b6 13. Rac1 Bb7 14. Bg3 Rc8 15. Ne5 Nbd5 16. Bc2 Nxc3 17. bxc3 Ba3 18. Rb1 Rxc3 19. f3 Bd6 20. Bh4 Qc7 21. Bd3 Nd5 22. Bg3 b5 23. Ra1 Qe7 24. Bc2 Rxc2 25. Qxc2 Ne3 26. Qe2 Nxd1 27. Rxd1 Rc8 28. Nd3 Bxg3 29. hxg3 Bd5 30. Nf4 Bc4 31. Qd2 Qd6 32. Nh5 f6 33. f4 Qd5 34. g4 Bxa2 35. Ra1 Bb3 36. Rc1 Rxc1+ 0-1

[Event "Pardubice op-A"]
[Site "Pardubice"]
[Date "2006.07.25"]
[Round "5"]
[White "Tuma, Jiri"]
[Black "Aleshin, Oleg"]
[Result "1/2-1/2"]
[WhiteElo "2310"]
[BlackElo "2412"]
[PlyCount "61"]
[EventDate "2006.07.21"]
[EventType "swiss"]
[EventRounds "9"]
[EventCountry "CZE"]
[SourceTitle "CBM 113 Extra"]
[Source "ChessBase"]
[SourceDate "2006.09.14"]
[SourceVersion "1"]
[SourceVersionDate "2006.09.14"]
[SourceQuality "1"]

1. d4 Nf6 2. Nf3 e6 3. e3 b6 4. Bd3 Bb7 5. 0-0 Be7 6. Nbd2 d6 7. e4 Nbd7 8. Re1 e5 9. c3 0-0 10. Nf1 Re8 11. Ng3 Bf8 12. h3 a6 13. Bc2 g6 14. Nh2 Bg7 15. d5 Qc8 16. Be3 c6 17. c4 b5 18. b3 Qc7 19. Qe2 Rac8 20. Rac1 Qa5 21. Bb1 bxc4 22. bxc4 c5 23. Bd2 Qc7 24. Bd3 Rb8 25. Rb1 Ba8 26. Rb3 Rxb3 27. axb3 Rb8 28. Bc2 Bb7 29. Ra1 Bc8 30. Bc1 Kf8 31. Qe1 1/2-1/2

[Event "Moscow Aeroflot op-B"]
[Site "Moscow"]
[Date "2006.02.12"]
[Round "6"]
[White "Konovalov, Nikolay"]
[Black "Aleshin, Oleg"]
[Result "1-0"]
[WhiteElo "2431"]
[BlackElo "2410"]
[PlyCount "145"]
[EventDate "2006.02.07"]
[EventType "swiss"]
[EventRounds "9"]
[EventCountry "RUS"]
[SourceTitle "EXT 2007"]
[Source "ChessBase"]
[SourceDate "2006.11.23"]
[SourceVersion "1"]
[SourceVersionDate "2006.11.23"]
[SourceQuality "1"]

1. d4 d5 2. c4 c6 3. Nc3 Nf6 4. e3 e6 5. b3 a6 6. Bb2 c5 7. cxd5 exd5 8. Nf3 Nc6 9. Be2 cxd4 10. Nxd4 Bd6 11. Rc1 0-0 12. 0-0 Ne5 13. Nf3 Ng6 14. Qd4 Be6 15. Rfd1 Ne7 16. e4 Bf4 17. Ra1 dxe4 18. Nxe4 Qxd4 19. Rxd4 Nxe4 20. Rxe4 Ng6 21. g3 Bd6 22. Rd1 Be7 23. h4 Rfe8 24. Re3 Bg4 25. Bc4 Bf6 26. Rxe8+ Rxe8 27. Bxf6 Bxf3 28. Rd8 Rxd8 29. Bxd8 Ne5 30. Bf1 Nc6 31. Bb6 Kf8 32. Bd3 g6 33. Kf1 Ke8 34. Ke1 Nb4 35. Bb1 Kd7 36. Kd2 Kc6 37. Bd4 Nd5 38. a3 Ne7 39. Bb2 Bd5 40. Bc2 Nf5 41. Be5 Nd6 42. Ke3 Kd7 43. Kf4 Nf5 44. Bb2 Ke6 45. Kg5 h6+ 46. Kg4 Nd6 47. Kf4 f5 48. Bg7 h5 49. f3 Ne8 50. Bb2 Nd6 51. Bg7 Nb5 52. a4 Nd6 53. Bb2 Nf7 54. g4 hxg4 55. fxg4 fxg4 56. Kxg4 Ke7 57. b4 Be6+ 58. Kf4 Bd7 59. a5 Nd8 60. Bxg6 Ne6+ 61. Ke5 Nd8 62. Bc3 Nf7+ 63. Kd5 Bc6+ 64. Kc5 Nd6 65. Ba1 Ne4+ 66. Kb6 Nd6 67. h5 Nf7 68. Bg7 Bd5 69. h6 Nxh6 70. Bxh6 Kd7 71. Bf5+ Kd6 72. Bf4+ Ke7 73. Bc8 1-0

[Event "Moscow Aeroflot op-B"]
[Site "Moscow"]
[Date "2006.02.11"]
[Round "5"]
[White "Aleshin, Oleg"]
[Black "Ivanov, Alexander Al"]
[Result "1-0"]
[WhiteElo "2410"]
[BlackElo "2419"]
[PlyCount "99"]
[EventDate "2006.02.07"]
[EventType "swiss"]
[EventRounds "9"]
[EventCountry "RUS"]
[SourceTitle "EXT 2007"]
[Source "ChessBase"]
[SourceDate "2006.11.23"]
[SourceVersion "1"]
[SourceVersionDate "2006.11.23"]
[SourceQuality "1"]

1. d4 f5 2. g3 Nf6 3. Bg2 g6 4. c4 Bg7 5. Nc3 0-0 6. Nf3 d6 7. 0-0 c6 8. Qb3 Na6 9. Rd1 Kh8 10. Qa3 Nc7 11. d5 c5 12. Rb1 Nh5 13. e3 a5 14. Qb3 Bd7 15. Bd2 Rb8 16. Qc2 e5 17. dxe6 Bxe6 18. Ne2 b6 19. Bc3 Qe7 20. Nf4 Nxf4 21. gxf4 h6 22. Bxg7+ Kxg7 23. Rd2 g5 24. fxg5 hxg5 25. Rbd1 Rbd8 26. Qb3 Ne8 27. Qxb6 Rh8 28. Ne5 Qf6 29. Bd5 g4 30. Bxe6 Qxe5 31. Qxd8 Qxh2+ 32. Kf1 Qh1+ 33. Ke2 Qf3+ 34. Kd3 Qe4+ 35. Kc3 Qe5+ 36. Kb3 Qxe6 37. Qg5+ Qg6 38. Qxg6+ Kxg6 39. Ka4 Kf6 40. Kxa5 Ke6 41. Kb6 Rh7 42. a4 Rd7 43. a5 Rd8 44. a6 Rb8+ 45. Kc6 Rc8+ 46. Kb7 Rc7+ 47. Kb6 Kd7 48. Ka5 Ra7 49. b4 cxb4 50. c5 1-0

[Event "Moscow op 02nd"]
[Site "Moscow"]
[Date "2006.01.31"]
[Round "3"]
[White "Aleshin, Oleg"]
[Black "Kryakvin, Dmitry"]
[Result "1/2-1/2"]
[WhiteElo "2412"]
[BlackElo "2469"]
[PlyCount "100"]
[EventDate "2006.01.29"]
[EventType "swiss"]
[EventRounds "9"]
[EventCountry "RUS"]
[SourceTitle "CBM 110 Extra"]
[Source "ChessBase"]
[SourceDate "2006.03.10"]
[SourceVersion "2"]
[SourceVersionDate "2006.03.10"]
[SourceQuality "1"]

1. e4 c5 2. Nf3 d6 3. d4 cxd4 4. Nxd4 Nf6 5. Nc3 Nc6 6. Bc4 e6 7. a4 Be7 8. Qe2 0-0 9. 0-0 Nb4 10. Bb3 d5 11. exd5 Nfxd5 12. Nxd5 Nxd5 13. Qf3 Bf6 14. Rd1 Qa5 15. c3 Rd8 16. Bc2 Bd7 17. Qe4 g6 18. Bh6 Qb6 19. Rab1 Rac8 20. Qf3 Bg7 21. Bxg7 Kxg7 22. Re1 Nf6 23. a5 Qc7 24. Ra1 e5 25. Nb3 Re8 26. Nd2 Bc6 27. Ne4 Nd5 28. c4 Nf4 29. g3 Nh3+ 30. Kg2 Bxe4 31. Bxe4 Ng5 32. Qe3 Nxe4 33. Qxe4 f5 34. Qf3 Qxc4 35. Qxb7+ Rc7 36. Qf3 e4 37. Qe3 Qb4 38. Re2 Rf7 39. Rd2 Re5 40. a6 Re6 41. Qd4+ Qxd4 42. Rxd4 Rb6 43. b4 Kh6 44. Ra5 Rc7 45. Ra2 Rcc6 46. b5 Rxb5 47. Rd7 Rbc5 48. Rxa7 Rc2 49. Rxc2 Rxc2 50. Re7 Ra2 1/2-1/2

[Event "Pardubice op-A"]
[Site "Pardubice"]
[Date "2005.07.24"]
[Round "3"]
[White "Aleshin, Oleg"]
[Black "Dinger, Florian"]
[Result "1/2-1/2"]
[WhiteElo "2425"]
[BlackElo "2179"]
[PlyCount "79"]
[EventDate "2005.07.22"]
[EventType "swiss"]
[EventRounds "9"]
[EventCountry "CZE"]
[SourceTitle "CBM 107 Extra"]
[Source "ChessBase"]
[SourceDate "2005.09.01"]
[SourceVersion "1"]
[SourceVersionDate "2005.09.01"]
[SourceQuality "1"]

1. d4 Nf6 2. Nf3 e6 3. c4 b6 4. g3 Ba6 5. Qb3 d5 6. cxd5 Qxd5 7. Bg2 Qxb3 8. axb3 Bb7 9. Nc3 a5 10. 0-0 Na6 11. Bd2 Bd6 12. Rfe1 0-0 13. e4 Bb4 14. Ne5 Rfd8 15. Be3 Bxc3 16. bxc3 Bxe4 17. f3 Bb7 18. Bf2 Nd5 19. Rac1 Rac8 20. f4 Rb8 21. Bf1 Ne7 22. g4 f6 23. Nd3 Kf7 24. Rc2 Nd5 25. Bg3 Re8 26. b4 axb4 27. cxb4 Rbc8 28. Rb2 Nb8 29. b5 c6 30. Ra1 cxb5 31. Ra7 Re7 32. f5 Nc6 33. fxe6+ Ke8 34. Rxb7 Rxb7 35. Bg2 Nce7 36. Rxb5 Rd8 37. Nb4 Nxb4 38. Bxb7 Rxd4 39. Rxb6 Nbd5 40. Bxd5 1/2-1/2

[Event "Pardubice op-A"]
[Site "Pardubice"]
[Date "2005.07.23"]
[Round "2"]
[White "Kozak, Milos"]
[Black "Aleshin, Oleg"]
[Result "0-1"]
[WhiteElo "2247"]
[BlackElo "2425"]
[PlyCount "100"]
[EventDate "2005.07.22"]
[EventType "swiss"]
[EventRounds "9"]
[EventCountry "CZE"]
[SourceTitle "CBM 107 Extra"]
[Source "ChessBase"]
[SourceDate "2005.09.01"]
[SourceVersion "1"]
[SourceVersionDate "2005.09.01"]
[SourceQuality "1"]

1. d4 Nf6 2. c4 e6 3. Nf3 d5 4. Nc3 dxc4 5. Bg5 Bb4 6. e4 b5 7. e5 h6 8. exf6 hxg5 9. fxg7 Rg8 10. h4 g4 11. Ne5 Rxg7 12. h5 f5 13. a4 c5 14. dxc5 Qf6 15. Qd6 Nd7 16. h6 Rh7 17. f4 gxf3 18. Nxd7 Bxd7 19. 0-0-0 Rc8 20. axb5 Qg5+ 21. Kb1 Bxc5 22. Qh2 Bf8 23. gxf3 Rxh6 24. Bh3 Rh7 25. f4 Qf6 26. Qd2 Rc7 27. Bg2 Rxh1 28. Bxh1 Kf7 29. Bf3 Bc8 30. Bh5+ Kg8 31. Be8 Bb7 32. Bc6 Bg7 33. Qg2 Qe7 34. Bxb7 Rxb7 35. Rg1 Kf8 36. Qc6 Rc7 37. Qa8+ Qe8 38. Qg2 Qd8 39. Kc1 Qd3 40. Rd1 Qe3+ 41. Kc2 Qxf4 42. Rd8+ Kf7 43. Qh3 Qg5 44. Rd2 Bh6 45. Rd1 Bg7 46. Qh2 Re7 47. Rg1 Qh6 48. Qe2 Rd7 49. Kb1 Rd2 50. Qxc4 Qh2 0-1